ՀՀ Գիտությունների ազգային ակադեմիայի հիմնարար գիտական գրադարան  =   Fundamental Scientific Library of NAS RA

Քրիստոնէութիւնը եւ սօցիալիզմը : (Record no. 144415)

MARC details
000 -LEADER
fixed length control field 00746nam a2200193 u 4500
001 - CONTROL NUMBER
control field 000377738
003 - CONTROL NUMBER IDENTIFIER
control field AM-YeHGA
005 - DATE AND TIME OF LATEST TRANSACTION
control field 20250617132050.0
008 - FIXED-LENGTH DATA ELEMENTS--GENERAL INFORMATION
fixed length control field 041104s1906 ||| r 000 0 arm d
040 ## - CATALOGING SOURCE
Original cataloging agency AM-YeHGA
041 1# - LANGUAGE CODE
Language code of text/sound track or separate title arm
Language code of original rus
090 ## - LOCALLY ASSIGNED LC-TYPE CALL NUMBER (OCLC); LOCAL CALL NUMBER (RLIN)
-- 145799
100 1# - MAIN ENTRY--PERSONAL NAME
Personal name Բեբել, Ավգուստ.
245 10 - TITLE STATEMENT
Title Քրիստոնէութիւնը եւ սօցիալիզմը :
Remainder of title Կրօնական բանակռիւ Գիւֆֆէ աւանի Գօգօֆ քհն. և Ա. Բեբելի մէջ /
Statement of responsibility, etc. Ա. Բեբել; Ռուս. թարգմ.՝ Ս. Տ-Ան.
260 ## - PUBLICATION, DISTRIBUTION, ETC.
Place of publication, distribution, etc. Թիֆլիս :
Name of publisher, distributor, etc. Հրատ. Յովհ. Դաւթեան,
Date of publication, distribution, etc. 1906.
300 ## - PHYSICAL DESCRIPTION
Extent 48 էջ.
440 #0 - SERIES STATEMENT/ADDED ENTRY--TITLE
Title Հրատ. Յովհ. Դաւթեան
Volume/sequential designation 8
650 14 - SUBJECT ADDED ENTRY--TOPICAL TERM
Topical term or geographic name entry element Կրոն
General subdivision Քրիստոնեություն
Holdings
Withdrawn status Lost status Damaged status Not for loan Collection Home library Current library Date acquired Total checkouts Full call number Barcode Date last seen Price effective from Koha item type Public note Cost, replacement price
        General Fundamental Scientific Library Fundamental Scientific Library 22/12/2016   2 220053674 22/12/2016 22/12/2016 Գրքեր / Books 30 Days Loan  
        General Fundamental Scientific Library Fundamental Scientific Library 22/12/2016   AII/25114 220025114 22/12/2016 22/12/2016 Գրքեր / Books 30 Days Loan 14.00


ՀՀ ԳԱԱ հիմնարար գիտական գրադարան
ՀՀ,Երևան 0019
Մարշալ Բաղրամյան 24/6
հեռախոս:(374-10) 52-47-50
Հետադարձ կապ

All site content, except where otherwise noted, is licensed under a
Creative Commons License